000 01649nam a2200469 a 4500
001 21252
003 CZ PrNK
005 20260225151425.0
007 ta
008 110721s2011 xr a a 000 j slo
015 _acnb002202453
020 _a9788025217948
_q(váz.)
035 _a(OCoLC)752797588
040 _aBOA001
_bcze
_dABA001
041 1 _aslo
_heng
072 7 _a821-93
_xLiteratura pro děti a mládež (beletrie)
_2Konspekt
080 _a821-32
_2MRF
080 _a821-93
_2MRF
080 _a(0:82-32)
_2MRF
100 1 _aMarsoli, Lisa Ann,
_d1958-
_4aut
245 1 0 _aMacko Puf /
_cupravila Lisa Ann Marsoli ; ilustrácie Mario Cortes, Valeria Turati a Disney Storybook Artists ; preložila Irena Novotná
250 _a1. vyd.
260 _aV Prahe :
_bEgmont,
_c2011
300 _a63 s. :
_bbarev. il. ;
_c29 cm
490 1 _aDisney. Macko Puf
500 _aPřeloženo z angličtiny
500 _aZpracováno podle knih A.A. Milneho a E.H. Sheparda Winnie the Pooh
655 7 _apříběhy
_2czenas
655 7 _apublikace pro děti
_2czenas
655 9 _astories
_2eczenas
655 9 _achildren's literature
_2eczenas
700 1 _aMilne, Alan Alexander,
_d1882-1956
_4ant
700 1 _aShepard, Ernest H.
_q(Ernest Howard),
_d1879-1976
_4ant
700 1 _aCortes, Mario
_4ill
700 1 _aTurati, Valeria
_4ill
765 0 _tSomething is missing!
830 0 _aDisney (Egmont).
_pMacko Puf
856 4 1 _uhttp://krameriusndk.nkp.cz/search/handle/uuid:3ef61ce0-a8f5-11e7-ae0a-005056827e52
_yDigitalizovaný dokument
901 _b9788025217948
_f1. vyd.
_o20110823
910 _aABA001
942 _2ddc
_cKLDE
_n0
999 _c21252
_d21252